000 00569nam a2200205Ia 4500
003 BUBTL
008 151213s9999 xx 000 0 und d
020 _a8125907734
082 _a658.8/ R1372m/ 2004
100 _aRajagopal
_92583
245 _aMarketing Management:Text & Cases/
_cRajagopal
260 _aNew Delhi
_bVikas
_cc2004
300 _a303p. :
_bTable; 24cm.
_cMarketing.
500 _aIncludes Index.
650 _aMarketing
_92584
700 _aRajagopal
_92583
856 _k0
_l0
_yDownload
942 _2ddc
_cBK
999 _c1686
_d1686